000 00736nam a2200253Ia 4500
001 dia_2170
003 CHAP
005 20221213083607.0
008 220117s1985 xx 000 0 und d
010 _a170689
040 _cCHAP
082 _a638.1 M3Y
100 _aMaeterlinck, Mauricio
_9147744
245 _aLa Vida de las Abejas /
_c por Mauricio Maeterlinck, traducido por Pedro de Tornamira
260 _aMéxico :
_b Espasa-Calpe Mexicana,
_c1985
300 _a216 p.
400 _aCOLECCIÓN AUSTRAL
650 _a1.Abejas/
_9147745
650 _aApicultura. i.t. II.
_9147746
901 _a638.1 M3Y
902 _aM
905 _a0000001985 MX X 0000000000SPA00
942 _cLIBRO
_2ddc
999 _c170689
_d170689